书目信息 |
| 题名: |
以案说法
|
|
| 作者: | 宋桂兰 编著 | |
| 分册: | 水利法 | |
| 出版信息: | 北京 中国社会出版社 2005.07 |
|
| 页数: | 122页 | |
| 开本: | 21cm | |
| 丛书名: | 农村普法丛书 | |
| 单 册: | ||
| 中图分类: | D922.665 | |
| 科图分类: | ||
| 主题词: | 水利建设--shui li jian she--法规--案例--分析--中国 | |
| 电子资源: | ||
| ISBN: | 7-5087-0648-X | |
| 000 | 00845nam 2200253 450 | |
| 001 | 012007953953 | |
| 005 | 20071009094814.53 | |
| 010 | @a7-5087-0648-X@dCNY8.00 | |
| 100 | @a20070730d2005 km y0chiy0120 ea | |
| 101 | 0 | @achi |
| 102 | @aCN@b110000 | |
| 105 | @ay z 000yy | |
| 200 | 1 | @a以案说法@Ayi an shuo fa@i水利法@f宋桂兰编著@Fsong gui lan bian zhu |
| 210 | @a北京@c中国社会出版社@d2005.07 | |
| 215 | @a122页@d21cm | |
| 225 | 2 | @a农村普法丛书@Anong cun pu fa cong shu |
| 330 | @a本书内容分为常见法律问题和典型案例分析两部分,介绍水法,水污染防止法,水土保持及防汛方法等有关知识。 | |
| 410 | 0 | @12001 @a农村普法丛书 |
| 517 | 1 | @a水利法@Ashui li fa |
| 606 | 0 | @a水利建设@Ashui li jian she@x法规@x案例@x分析@y中国 |
| 690 | @aD922.665@v4 | |
| 701 | 0 | @a宋桂兰@Asong gui lan@4编著 |
| 801 | 0 | @aCN@c20071009 |
| 905 | @dD922.665@eS761 | |
| 以案说法.水利法/宋桂兰编著.-北京:中国社会出版社,2005.07 |
| 122页;21cm.-(农村普法丛书) |
| ISBN 7-5087-0648-X:CNY8.00 |
| 本书内容分为常见法律问题和典型案例分析两部分,介绍水法,水污染防止法,水土保持及防汛方法等有关知识。 |
| ● |
| 相关链接 |
|
|
|
正题名:以案说法
索取号:D922.665/S761
 
预约/预借
| 序号 | 登录号 | 条形码 | 馆藏地/架位号 | 状态 | 备注 |
| 1 | 251892 | 202518926 | 社科库509/509社科库 90排2列1层/ [索取号:D922.665/S761] | 在馆 |